| 000 | 007000000a22002290004500 | ||
|---|---|---|---|
| 003 | LK-CoMWRAF | ||
| 005 | 20231211110657.0 | ||
| 008 | 230817t1991 ||||| |||| 00| 0 eng d | ||
| 020 | _a081338091X | ||
| 040 |
_aLK-CoMWRAF _dLK-CoMWRAF _eLK-CoMWRAF |
||
| 041 | _aeng | ||
| 082 |
_a341.48 _bMAY |
||
| 100 | _aMayer, Ann Elizabeth | ||
| 245 |
_aIslam and human rights: _btradition and politics |
||
| 260 |
_aBoulder: _bWestview Press, _c1991 |
||
| 300 |
_a xxii, 258 p. ; 24 cm _bIndex included |
||
| 500 | _aA photocopy of the book | ||
| 650 | _a Civil rights (Islamic law) | ||
| 650 | _aEquality before the law (Islamic law) | ||
| 650 | _aHuman rights- Religious aspects- Islam | ||
| 942 | _cBK | ||
| 999 |
_c3160 _d3160 |
||